| 000 | 00655nam a2200217Ia 4500 | ||
|---|---|---|---|
| 003 | GCL | ||
| 008 | 140319s9999 xx 000 0 ara d | ||
| 040 |
_aGCL / _cGCL |
||
| 082 | 0 | 4 |
_aق _b913.624 _bم ع |
| 100 | 1 | _aمحمد حسين هيكل | |
| 245 | 1 | 0 |
_aعشرة ايام فى السودان / _cمحمد حسين هيكل |
| 260 |
_a[S.N] : _bالمطبعة المصرية ، _c1987 |
||
| 300 | _a220 ص | ||
| 490 | _a | ||
| 650 | 0 | 4 | _aتاريخ |
| 650 | 0 | 4 | _aالاحوال الاجتماعية |
| 650 | 0 | 4 | _aالاحوال السياسية |
| 650 | 0 | 4 | _aالسودان |
| 650 | 0 | 4 | _aالاحوال الاقتصادية |
| 942 |
_2ddc _cBK |
||
| 999 |
_c59084 _d59084 |
||